000146490 001__ 146490
000146490 005__ 20241122150939.0
000146490 037__ $$aTAZ-TFG-2024-3467
000146490 041__ $$aspa
000146490 1001_ $$aMartínez Izquierdo, Josune
000146490 24200 $$aInternational telework regulation and digital nomads
000146490 24500 $$aLa regulación del teletrabajo internacional y los nómadas digitales
000146490 260__ $$aZaragoza$$bUniversidad de Zaragoza$$c2024
000146490 506__ $$aby-nc-sa$$bCreative Commons$$c3.0$$uhttp://creativecommons.org/licenses/by-nc-sa/3.0/
000146490 520__ $$aEl presente trabajo trata a cerca del teletrabajo y los nómadas digitales, una nueva forma de llevar a cabo el trabajo de forma remota desde cualquier parte, bien sea desde el propio domicilio o en otros países, y que en la actualidad se encuentra en auge. Se abordaran temas como el origen del teletrabajo, la determinación de la competencia judicial internacional o la ley aplicable al teletrabajo transnacional.<br />
000146490 521__ $$aGraduado en Derecho
000146490 540__ $$aDerechos regulados por licencia Creative Commons
000146490 691__ $$a0
000146490 692__ $$a
000146490 700__ $$aFach Gómez, Ana Katia$$edir.
000146490 7102_ $$aUniversidad de Zaragoza$$bDerecho Privado$$cDerecho Internacional Privado
000146490 8560_ $$f795904@unizar.es
000146490 8564_ $$s563548$$uhttps://zaguan.unizar.es/record/146490/files/TAZ-TFG-2024-3467.pdf$$yMemoria (spa)
000146490 909CO $$ooai:zaguan.unizar.es:146490$$pdriver$$ptrabajos-fin-grado
000146490 950__ $$a
000146490 951__ $$adeposita:2024-11-22
000146490 980__ $$aTAZ$$bTFG$$cDER
000146490 999__ $$a20240710163147.CREATION_DATE